| 000 | 003370000a22000970004500 | ||
|---|---|---|---|
| 100 | 1 | _aGroothuis, Douglas R. (1957 - ) | |
| 245 | 1 | 0 | _aChristian scholarship and the philosophical analysis of cyberspace technologies |
| 300 | _aVol. 41, Num 4 (Diciembre, 1998), Páginas 631-640 | ||
| 773 | 0 | _tJournal of the Theological Society | |
| 942 | _cANA | ||
| 999 |
_c54598 _d54598 |
||